| 000 | 00842nam a22002057a 4500 | ||
|---|---|---|---|
| 999 |
_c8561 _d8561 |
||
| 003 | AR-CdUCM | ||
| 008 | 190325b ||||| |||| 00| 0 spa d | ||
| 040 |
_aMUNICIPALIDAD PROVINCIAL DEL CUSCO _cBIBLIOTECA MUNICIPAL DEL CUSCO |
||
| 082 |
_a869.56 / _bC53 |
||
| 100 |
_aChaves Torres, Juan Manuel _923978 |
||
| 245 | _aTradiciones arequipeñas / | ||
| 260 |
_aArequipa : _bImpresa, _c2005. |
||
| 300 |
_a292 páginas ; _c21 cm. |
||
| 500 | _aCon dedicatoria del autor | ||
| 505 | _aContenido: De falso cristiano y de gavilán pollero, librenos señor -- El caballerito de las peluconas de oro -- La dama del velo blanco -- El castillo medieval, tesoro de mis tiempos infantiles -- La leyenda de las brujas de Guaranguillo ... | ||
| 650 |
_aLiteratura arequipeña _923979 |
||
| 650 |
_aSiglo XX _98 |
||
| 942 |
_2ddc _cLIBROS |
||
| 945 | _aafb | ||